000 00657nam a2200265Ia 4500
005 20260121171843.0
008 008 260114s9999 xx 000 0 eng d
020 _a9783030458782
037 _aEBOOK
040 _aCRL
040 _beng
040 _cCRL
041 _2eng
041 _aeng
084 _qCRL
100 _aCornelia C. Walther
_91081267
245 0 _aHumanitarian Work, Social Change, and Human Behavior
260 _bSpringer
260 _bSpringer
260 _c2020
856 _uhttps://link.springer.com/openurl?genre=book&isbn=978-3-030-45878-2
942 _cEBOOK
999 _c1647000
_d1647000